000 00325nam a22001217a 4500
008 180606b xxu||||| |||| 00| 0 eng d
041 _aeng
080 _a043.3
100 _a0
101 _aMBE-MA
245 _aKrijimi i Ambientit per terheqjen e investimeve ne nivel lokal "Komuna e Kamenices"
_cThaqi, L
942 _2udc
_cBK
999 _c46431
_d46431